Операции Советских Вооруженных Сил в Великой Отечественной Войне 1941-1945. Т. 4. Прил.: Альбом схем (Запись № 7830358)

Подробности
000 -МАРКЕР
контрольное поле 01167nam2a22002291 4500
001 - ИДЕНТИФИКАТОР ЗАПИСИ
контрольное поле rc\4744365
005 - ИДЕНТИФИКАТОР ВЕРСИИ
контрольное поле 20250612015836.0
035 ## - ДРУГИЕ СИСТЕМНЫЕ НОМЕРА
Идентификатор записи (NLR Aleph) 008454534
100 ## - ДАННЫЕ ОБЩЕЙ ОБРАБОТКИ
Данные общей обработки 20130416d1959 |||y0rusy50 ca
101 0# - ЯЗЫК РЕСУРСА
Язык текста, звукозаписи и т.д. русский
102 ## - СТРАНА ПУБЛИКАЦИИ ИЛИ ПРОИЗВОДСТВА
Страна публикации Российская Федерация
105 ## - ПОЛЕ КОДИРОВАННЫХ ДАННЫХ: ТЕКСТОВЫЕ МАТЕРИАЛЫ, МОНОГРАФИЧЕСКИЕ
Кодированные данные о монографическом текстовом документе a z |||||
200 1# - ЗАГЛАВИЕ И СВЕДЕНИЯ ОБ ОТВЕТСТВЕННОСТИ
Основное заглавие Альбом схем
210 ## - ПУБЛИКАЦИЯ, РАСПРОСТРАНЕНИЕ И ДР.
Дата издания, распространения и т.д. [1959]
Место издания, распространения и т.д. Б. м.
215 ## - ФИЗИЧЕСКАЯ ХАРАКТЕРИСТИКА
Специфическое обозначение материала и объем 60 л. схем. в папке
461 #0 - УРОВЕНЬ НАБОРА
Встроенное поле 001rc\4744359
-- 2001#$aОперации Советских Вооруженных Сил в Великой Отечественной Войне 1941-1945$eВоен.-ист. очерк$fОтв. ред. ген.-лейт. Платонов С.П.$gВоен.-науч. упр. Ген. штаба. Воен.-ист. отд.$vТ. 4. Прил.
Системный номер (АБИС) связанной записи 7830324
Место публикации Москва
Дата публикации 1958
Первые сведения об ответственности Отв. ред. ген.-лейт. Платонов С.П.
Имя издателя, распространителя и т.д. Воениздат
Сведения, относящиеся к заглавию Воен.-ист. очерк
Заглавие Операции Советских Вооруженных Сил в Великой Отечественной Войне 1941-1945
Номер тома Т. 4. Прил.
801 #0 - ИСТОЧНИК ЗАПИСИ
Страна Российская Федерация
Организация NLR
Правила каталогизации psbo
801 #1 - ИСТОЧНИК ЗАПИСИ
Страна Российская Федерация
Организация ELAR
Источник данных rusmarc
852 ## - МЕСТОНАХОЖДЕНИЕ И ШИФР ХРАНЕНИЯ
Идентификатор организации NLR
Шифр хранения (Call Number) 93-5/2140
942 ## - ДОПОЛНИТЕЛЬНЫЕ ЭЛЕМЕНТЫ ЗАПИСИ (АБИС)
Тип экземпляра АБИС Книга
980 ## - КОЛЛЕКЦИЯ
Название коллекции Национальная библиография
Экземпляры
Тип экземпляра Дата поступления Библиотека постоянного хранения Библиотека текущего хранения Место хранения Шифр хранения Штрих-код Статус экземпляра
Книга 26.10.2013 РНБ (Московский) РНБ (Московский) Русский книжный фонд: издания с 1957 года 93-5/2140 1-403216